Top 50 Film d'animazione con i maggiori incassi di sempre - Statistics

Statistiche generali
  • Questo quiz è stato fatto 88 volte
  • Il punteggio medio è 20 su 50
Statistiche sulle risposte
Posizione Incasso (in $) Anno Titolo % Corretto
4 1 281 508 100 2013 Frozen - Il regno di ghiaccio
86%
20 858 852 998 2015 Inside Out
72%
2 1 453 683 476 2019 Frozen II - Il segreto di Arendelle
65%
1 1 663 079 059 2019 Il re leone
63%
13 968 750 694 1994 Il re leone
63%
32 643 355 082 2016 Oceania
61%
8 1 067 316 101 2010 Toy Story 3 - La grande fuga
61%
45 542 063 846 2005 Madagascar
58%
21 814 337 054 2017 Coco
55%
16 932 395 557 2004 Shrek 2
54%
7 1 073 841 394 2019 Toy Story 4
54%
39 592 472 813 2010 Rapunzel - L'intreccio della torre
52%
42 559 853 036 2011 Cars 2
51%
44 543 284 256 2010 Cattivissimo me
51%
6 1 159 457 503 2015 Minions
51%
22 813 367 380 2007 Shrek terzo
51%
26 735 102 136 2009 Up
51%
14 941 637 960 2003 Alla ricerca di Nemo
49%
34 632 091 832 2008 Kung Fu Panda
49%
23 752 600 867 2010 Shrek e vissero felici e contenti
49%
24 746 921 274 2012 Madagascar 3 - Ricercati in Europa
46%
38 603 900 354 2008 Madagascar 2
45%
35 631 688 498 2004 Gli Incredibili - Una "normale" famiglia di supereroi
44%
9 1 034 800 131 2017 Cattivissimo me 3
42%
12 970 766 005 2013 Cattivissimo me 2
41%
11 1 025 521 689 2016 Zootropolis
41%
10 1 029 266 989 2016 Alla ricerca di Dory
39%
30 665 692 281 2011 Kung Fu Panda 2
39%
5 1 243 225 667 2018 Gli Incredibili 2
38%
47 538 983 207 2012 Ribelle - The Brave
37%
19 877 244 782 2012 L'era glaciale 4 - Continenti alla deriva
34%
29 667 094 506 2006 L'era glaciale 2 - Il disgelo
32%
18 886 686 817 2009 L'era glaciale 3 - L'alba dei dinosauri
32%
28 690 897 910 2023 Spider-Man: Across the Spider-Verse
31%
15 940 203 765 2022 Minions 2 - Come Gru diventa cattivissimo
28%
36 623 728 318 2007 Ratatouille
28%
37 621 537 519 2014 Dragon Trainer 2
27%
3 1 362 038 437 2023 Super Mario Bros. - Il film
27%
31 657 870 525 2014 Big Hero 6
24%
41 579 723 768 2001 Monsters & co.
24%
43 554 987 477 2011 Il gatto con gli stivali
23%
25 743 559 645 2013 Monsters University
23%
33 634 338 409 2016 Sing
18%
49 529 323 962 2018 Ralph spacca Internet
17%
40 587 266 745 2013 I Croods
13%
17 894 567 999 2016 Pets - Vita da animali
13%
50 528 583 774 2018 Hotel Transylvania 3 - Una vacanza mostruosa
7%
48 536 414 293 2007 I Simpson - Il fim
7%
46 540 029 016 2018 Il Grinch
6%
27 726 264 074 2019 Ne Zha zhi mo tong jiang shi
0%
Nessun quiz corrispondente trovato
Distribuzione punteggi
Percentuale di utenti per punteggio
Percentile per numero di risposta
I tuoi punteggi nel tempo
Non hai fatto questo quiz